<?xml version="1.0" encoding="UTF-8"?>
<collection xmlns="http://www.loc.gov/MARC21/slim">
    <record>
        <controlfield tag="001">45728</controlfield>
        <controlfield tag="005">20170831220521.0</controlfield>
        <datafield tag="037" ind1=" " ind2=" ">
            <subfield code="a">GDOC-2010-1136</subfield>
        </datafield>
        <datafield tag="041" ind1=" " ind2=" ">
            <subfield code="a">spa</subfield>
        </datafield>
        <datafield tag="100" ind1=" " ind2=" ">
            <subfield code="0">(orcid)0000-0002-1805-5320</subfield>
            <subfield code="a">Rios Jordana, Ricardo</subfield>
        </datafield>
        <datafield tag="245" ind1="0" ind2="0">
            <subfield code="9">66408</subfield>
            <subfield code="a">Teoría de la fractura, fatiga y comportamiento en servicio</subfield>
        </datafield>
        <datafield tag="260" ind1=" " ind2=" ">
            <subfield code="a">Zaragoza</subfield>
            <subfield code="b">Universidad de Zaragoza</subfield>
            <subfield code="c">2010-2011</subfield>
        </datafield>
        <datafield tag="520" ind1=" " ind2=" ">
            <subfield code="a">La asignatura de mecáncia de fractura, fatiga y comportamiento en servicio es un curso de 5 créditos ECTS con un total de 125 horas con un total de 40 horas de clases magistrales y 10 horas de prácticas de lboratorio, requiriendo un total aproximado de 75 horas de trabajo del estudiante para la elaboración de los trabajos de la asignatura y estudio. El enfoque de la asignatura es eminentemente práctico en la cual se aplican conceptos básicos de mecánica a los casos concretos de fractura y fatiga, estudiando problemas de fractura dinámica y fractura elastoplástica, así como la acumulación de daño debido a la fatiga del material entre otros. En la mayor parte de los casos, estos conceptos se discuten dentro del contexto de un problema particular. En la asignatura también se imparten los principios de la fiabilidad estructural desde un punto de vista aplicado. El curso está limitado a la fiabilidad de un solo componente, enfocándose en los métodos de primer orden para los cuales se definen los principios básicos y se desarrollan los algoritmos y su implementación aplicada a problemas prácticos.</subfield>
        </datafield>
        <datafield tag="521" ind1=" " ind2=" ">
            <subfield code="9">653</subfield>
            <subfield code="a">Máster Universitario en Mecánica Aplicada</subfield>
        </datafield>
        <datafield tag="540" ind1=" " ind2=" ">
            <subfield code="a">by-nc-sa</subfield>
            <subfield code="b">Creative Commons</subfield>
            <subfield code="c">3.0</subfield>
            <subfield code="u">http://creativecommons.org/licenses/by-nc-sa/3.0/</subfield>
        </datafield>
        <datafield tag="700" ind1=" " ind2=" ">
            <subfield code="0">(orcid)0000-0001-7612-266X</subfield>
            <subfield code="a">Rodríguez Matas, José Félix</subfield>
        </datafield>
        <datafield tag="700" ind1=" " ind2=" ">
            <subfield code="0">(orcid)0000-0002-2901-4188</subfield>
            <subfield code="a">Pérez Ansón, María De Los Ángeles</subfield>
        </datafield>
        <datafield tag="700" ind1=" " ind2=" ">
            <subfield code="0">(orcid)0000-0002-6870-0594</subfield>
            <subfield code="a">Grasa Orús, Jorge</subfield>
        </datafield>
        <datafield tag="830" ind1=" " ind2=" ">
            <subfield code="9">325</subfield>
        </datafield>
        <datafield tag="856" ind1="4" ind2=" ">
            <subfield code="s">83454</subfield>
            <subfield code="u">http://zaguan.unizar.es/record/45728/files/guia.pdf</subfield>
            <subfield code="y">Guía (idioma español)</subfield>
        </datafield>
        <datafield tag="980" ind1=" " ind2=" ">
            <subfield code="a">GDOC</subfield>
            <subfield code="b">Ingeniería y Arquitectura</subfield>
            <subfield code="c">106</subfield>
        </datafield>
    </record>

    
</collection>